[Event "BL 0708 Hamburger SK - SF Katernberg"]
[Site "?"]
[Date "2008.04.20"]
[Round "15.7"]
[White "Scholz, Christian"]
[Black "Reeh, Oliver"]
[Result "1-0"]
[WhiteElo "2371"]
[BlackElo "2427"]
[PlyCount "79"]
[EventDate "2008.??.??"]

1. d4 Nf6 2. c4 e6 3. Nc3 Bb4 4. Qc2 Nc6 5. Nf3 d6 6. Bd2 Qe7 7. a3 Bxc3 8.
Bxc3 a5 9. d5 Nd8 10. g3 e5 11. Bg2 O-O 12. O-O Ng4 13. h3 Nh6 14. c5 f5 15.
cxd6 cxd6 16. Nd2 f4 17. g4 Ndf7 18. e4 Nxg4 19. hxg4 Bxg4 20. f3 Bd7 21. a4
Ng5 22. Kf2 Rf6 23. Nc4 Rg6 24. Rh1 Qd8 25. Qb3 Nxe4+ 26. fxe4 Qg5 27. Rag1
Qg3+ 28. Ke2 Bg4+ 29. Kd2 Rc8 30. Kc1 Be2 31. Nd2 f3 32. Bxf3 Qxg1+ 33. Rxg1
Rxg1+ 34. Kc2 Ba6 35. Qb6 Rg6 36. Kb3 Rf8 37. Bh5 Rg5 38. Bf3 Rg6 39. Bxa5 Rg3
40. Bc3 1-0

[Event "BL 0708 Hamburger SK - SF Katernberg"]
[Site "?"]
[Date "2008.04.20"]
[Round "15.8"]
[White "Sebastian, Dirk"]
[Black "Hoolt, Sarah"]
[Result "1-0"]
[WhiteElo "2445"]
[BlackElo "2199"]
[PlyCount "53"]
[EventDate "2008.??.??"]

1. e4 c5 2. Nf3 e6 3. Nc3 a6 4. d4 cxd4 5. Nxd4 b5 6. Bd3 Qb6 7. Nb3 Qc7 8. Qe2
Bb7 9. O-O d6 10. Bd2 Nf6 11. a4 b4 12. Na2 d5 13. e5 Nfd7 14. f4 Nc6 15. Kh1
Nc5 16. Nxc5 Bxc5 17. Qe1 Qe7 18. f5 exf5 19. Rxf5 Nd4 20. Bg5 Qd7 21. Rf1 Qg4
22. Qf2 O-O 23. Be3 g5 24. c3 Nb3 25. Bxc5 Nxc5 26. Qxc5 d4 27. Rg1 1-0

[Event "BL 0708 Werder Bremen - SV Mülheim Nord"]
[Site "?"]
[Date "2008.04.20"]
[Round "15.1"]
[White "Jakovenko, Dmitry"]
[Black "Efimenko, Zahar"]
[Result "1/2-1/2"]
[WhiteElo "2710"]
[BlackElo "2624"]
[PlyCount "127"]
[EventDate "2008.??.??"]

1. e4 c5 2. c3 Nf6 3. e5 Nd5 4. Nf3 Nc6 5. d4 cxd4 6. cxd4 d6 7. Bc4 Nb6 8. Bb5
dxe5 9. Nxe5 Bd7 10. Nxd7 Qxd7 11. O-O e6 12. Nc3 Rd8 13. Be3 a6 14. Bxc6 Qxc6
15. Rc1 Nd5 16. Bg5 f6 17. Ne4 Qd7 18. Bh4 Be7 19. Qh5+ g6 20. Qe2 Kf7 21. Rfe1
Rhe8 22. Bg3 Rc8 23. Nc5 Bxc5 24. dxc5 Qb5 25. Bd6 Qxe2 26. Rxe2 e5 27. Rd2 Ke6
28. Rcd1 Nf4 29. g3 Nh3+ 30. Kg2 Ng5 31. f4 Nf7 32. fxe5 fxe5 33. Re1 Rcd8 34.
Kf3 Nxd6 35. cxd6 Rf8+ 36. Ke4 Rxd6 37. Rxd6+ Kxd6 38. Rd1+ Ke6 39. Rd3 Rf2 40.
Rb3 Re2+ 41. Kf3 Rxh2 42. Rxb7 h5 43. Rb8 Kf5 44. Re8 Kf6 45. Rf8+ Kg7 46. Ra8
Rxb2 47. Rxa6 Kf7 48. a4 Rb3+ 49. Kf2 Ra3 50. a5 Kg7 51. Ra8 Kf6 52. a6 Kf5 53.
a7 Ke4 54. Kg2 Ra2+ 55. Kg1 g5 56. Rg8 Rxa7 57. Rxg5 Ra1+ 58. Kg2 Ra2+ 59. Kf1
Kd4 60. Rxh5 e4 61. Rh8 Ke3 62. Re8 Kf3 63. Rf8+ Kxg3 64. Re8 1/2-1/2

[Event "BL 0708 Werder Bremen - SV Mülheim Nord"]
[Site "?"]
[Date "2008.04.20"]
[Round "15.2"]
[White "Areshchenko, Alexander"]
[Black "Landa, Konstantin"]
[Result "1/2-1/2"]
[WhiteElo "2638"]
[BlackElo "2678"]
[PlyCount "117"]
[EventDate "2008.??.??"]

1. e4 e5 2. Nf3 Nf6 3. Nxe5 d6 4. Nf3 Nxe4 5. d4 d5 6. Bd3 Nc6 7. O-O Be7 8.
Nc3 Nxc3 9. bxc3 O-O 10. h3 Be6 11. Re1 Qd7 12. Rb1 Rab8 13. Bf4 Bd6 14. Bxd6
cxd6 15. Re3 Bf5 16. Nh4 Bxd3 17. cxd3 Rfe8 18. Rxe8+ Rxe8 19. Qb3 g5 20. Nf3
Qf5 21. Re1 Rxe1+ 22. Nxe1 Nd8 23. Qa3 Ne6 24. g3 Qxh3 25. Qxa7 Qg4 26. Kf1
Qh3+ 27. Ke2 Qg4+ 28. Nf3 h5 29. Qb8+ Kg7 30. Qxd6 h4 31. Qxd5 hxg3 32. fxg3
Qxg3 33. Qe5+ Qxe5+ 34. dxe5 f6 35. exf6+ Kxf6 36. Ke3 Kf5 37. d4 Nf4 38. c4
Ng2+ 39. Kf2 Nf4 40. d5 g4 41. Nd4+ Ke5 42. Ne2 Nd3+ 43. Kg3 Nb2 44. Kxg4 Nxc4
45. Nc1 Kxd5 46. Nb3 Ne3+ 47. Kf3 Nd1 48. a3 Nc3 49. Ke3 Nb5 50. a4 Nc3 51. a5
Kc4 52. Nd2+ Kb4 53. Kd3 Na2 54. Ne4 Kxa5 55. Nd6 b6 56. Nc4+ Ka6 57. Nxb6 Nb4+
58. Kc4 Kxb6 59. Kxb4 1/2-1/2

[Event "BL 0708 Werder Bremen - SV Mülheim Nord"]
[Site "?"]
[Date "2008.04.20"]
[Round "15.3"]
[White "Fridman, Daniel"]
[Black "Fressinet, Laurent"]
[Result "1-0"]
[WhiteElo "2621"]
[BlackElo "2654"]
[PlyCount "67"]
[EventDate "2008.??.??"]

1. d4 d5 2. c4 c6 3. Nc3 Nf6 4. e3 e6 5. Nf3 Nbd7 6. Qc2 Bd6 7. b3 O-O 8. Bb2
Qe7 9. O-O-O b5 10. cxb5 c5 11. e4 Bf4+ 12. Kb1 Bb7 13. exd5 Nxd5 14. Nxd5 Bxd5
15. Bc4 Bxc4 16. Qxc4 Nb6 17. Qxc5 Qb7 18. Qc6 Qb8 19. g3 Bd6 20. Rc1 Nd5 21.
Ng5 Rd8 22. Rhe1 h6 23. Ne4 Bf8 24. Red1 Nb4 25. Qc4 a6 26. bxa6 Rxa6 27. a3
Rc6 28. Qe2 Rxc1+ 29. Rxc1 Nd5 30. Qc4 Qa8 31. Nc5 Nb6 32. Qa6 Qb8 33. Qb7 Qd6
34. Ne4 1-0

[Event "BL 0708 Werder Bremen - SV Mülheim Nord"]
[Site "?"]
[Date "2008.04.20"]
[Round "15.4"]
[White "Meier, Georg"]
[Black "Tregubov, Pavel V"]
[Result "1-0"]
[WhiteElo "2558"]
[BlackElo "2609"]
[PlyCount "71"]
[EventDate "2008.??.??"]

1. Nf3 c5 2. c4 Nc6 3. Nc3 e5 4. e3 Nf6 5. Be2 d5 6. d4 exd4 7. exd4 Be6 8.
cxd5 Nxd5 9. O-O Be7 10. dxc5 Nxc3 11. bxc3 Bxc5 12. Qc2 h6 13. Rb1 O-O 14.
Rxb7 Bb6 15. Ba3 Re8 16. Rd1 Qf6 17. Bb5 Bf5 18. Qb3 Be4 19. Rxf7 Qxf7 20. Bc4
Qxc4 21. Qxc4+ Kh8 22. Re1 Bxf3 23. Rxe8+ Rxe8 24. gxf3 Re1+ 25. Kg2 Ne5 26.
Qe6 Re2 27. Bc5 Ng6 28. Qc8+ Kh7 29. Bxb6 axb6 30. Qc4 Re5 31. f4 b5 32. Qd3
Rd5 33. Qe4 Rc5 34. f5 Nh8 35. f6+ Ng6 36. f7 1-0

[Event "BL 0708 Werder Bremen - SV Mülheim Nord"]
[Site "?"]
[Date "2008.04.20"]
[Round "15.5"]
[White "Golod, Vitali"]
[Black "Kritz, Leonid"]
[Result "1/2-1/2"]
[WhiteElo "2586"]
[BlackElo "2596"]
[PlyCount "52"]
[EventDate "2008.??.??"]

1. d4 d5 2. c4 c6 3. Nf3 Nf6 4. e3 a6 5. Bd3 Bg4 6. Qb3 Bxf3 7. gxf3 Qc7 8.
cxd5 cxd5 9. Nc3 e6 10. e4 Nc6 11. Be3 Rd8 12. O-O-O g6 13. Kb1 Bg7 14. Rc1 O-O
15. e5 Nd7 16. Ne2 Rc8 17. h4 Qb6 18. Qd1 Nb4 19. h5 Rxc1+ 20. Nxc1 Nxd3 21.
Nxd3 Rc8 22. hxg6 fxg6 23. Nf4 Rc6 24. Qd3 Qb4 25. a3 Qf8 26. Ka2 Qf7 1/2-1/2

[Event "BL 0708 Werder Bremen - SV Mülheim Nord"]
[Site "?"]
[Date "2008.04.20"]
[Round "15.6"]
[White "Hracek, Zbynek"]
[Black "Levin, Felix"]
[Result "1-0"]
[WhiteElo "2598"]
[BlackElo "2552"]
[PlyCount "45"]
[EventDate "2008.??.??"]

1. d4 d5 2. c4 c6 3. Nc3 Nf6 4. e3 e6 5. Nf3 a6 6. b3 c5 7. Bb2 cxd4 8. Nxd4
dxc4 9. Bxc4 Bd6 10. O-O O-O 11. Rc1 Qe7 12. Bd3 b5 13. a4 b4 14. Nce2 Bb7 15.
Ng3 g6 16. Be2 Rd8 17. Bf3 Bxg3 18. hxg3 Nd5 19. Qc2 e5 20. Rfd1 exd4 21. Rxd4
Rd7 22. Rcd1 Rc7 23. Qd2 1-0

[Event "BL 0708 Werder Bremen - SV Mülheim Nord"]
[Site "?"]
[Date "2008.04.20"]
[Round "15.8"]
[White "Pelletier, Yannick"]
[Black "Schebler, Gerhard"]
[Result "1-0"]
[WhiteElo "2609"]
[BlackElo "2458"]
[PlyCount "71"]
[EventDate "2008.??.??"]

1. d4 Nf6 2. c4 e6 3. Nf3 Bb4+ 4. Bd2 Bxd2+ 5. Qxd2 d5 6. g3 O-O 7. Bg2 Qe7 8.
O-O Nbd7 9. Qc2 c6 10. Nbd2 e5 11. cxd5 Nxd5 12. e4 N5b6 13. Rfe1 exd4 14. Nxd4
Qc5 15. Qxc5 Nxc5 16. N2b3 Nca4 17. Rab1 Nc4 18. Re2 Rd8 19. Rc2 Ncxb2 20.
Rcxb2 Nxb2 21. Rxb2 c5 22. Nc2 Rd1+ 23. Bf1 Bh3 24. Ne3 Re1 25. Ng2 Bxg2 26.
Kxg2 Rd8 27. Nd2 b6 28. Bc4 Kf8 29. Bd5 Rc1 30. g4 c4 31. Rb4 Rd1 32. Nf3 Rc8
33. Bxc4 f6 34. Bb3 Rd3 35. e5 Rc5 36. Re4 1-0

[Event "BL 0708 TV Tegernsee - Godesberger SK"]
[Site "?"]
[Date "2008.04.20"]
[Round "15.1"]
[White "Kasimdzhanov, Rustam"]
[Black "Khenkin, Igor"]
[Result "1/2-1/2"]
[WhiteElo "2690"]
[BlackElo "2600"]
[PlyCount "69"]
[EventDate "2008.??.??"]

1. d4 Nf6 2. c4 e6 3. Nf3 d5 4. Nc3 dxc4 5. e4 Bb4 6. Bg5 c5 7. e5 cxd4 8. Nxd4
Bxc3+ 9. bxc3 Qa5 10. exf6 Qxg5 11. fxg7 Qxg7 12. Qd2 O-O 13. Bxc4 Rd8 14. Qe3
Bd7 15. O-O Nc6 16. Nf3 Ne7 17. Ne5 Ng6 18. f4 Rac8 19. Be2 Bc6 20. g3 Rd5 21.
c4 Ra5 22. Nxc6 Rxc6 23. Qd2 Rac5 24. Rab1 b6 25. Rb3 Rc8 26. Ra3 R5c7 27. Rd3
Qf8 28. Rd6 b5 29. Rc1 bxc4 30. Rxc4 Rxc4 31. Bxc4 Ne7 32. Rd7 Nf5 33. Bb3 Qc5+
34. Kg2 {(=)} Ne3+ 35. Kg1 1/2-1/2

[Event "BL 0708 TV Tegernsee - Godesberger SK"]
[Site "?"]
[Date "2008.04.20"]
[Round "15.2"]
[White "Sokolov, Andrei"]
[Black "Lutz, Christopher"]
[Result "1/2-1/2"]
[WhiteElo "2588"]
[BlackElo "2588"]
[PlyCount "44"]
[EventDate "2008.??.??"]

1. e4 c5 2. Nf3 d6 3. g3 Nf6 4. d3 g6 5. Bg2 Bg7 6. O-O O-O 7. Nc3 Nc6 8. Nd5
Bg4 9. Ne3 Bxf3 10. Qxf3 e6 11. c3 Rc8 12. Rd1 Nd7 13. Qe2 b5 14. a3 Nb6 15.
Bd2 d5 16. exd5 exd5 17. d4 cxd4 18. cxd4 Nxd4 19. Qd3 Na4 20. Rab1 Re8 21. Qf1
a6 22. Bb4 Nc2 1/2-1/2

[Event "BL 0708 TV Tegernsee - Godesberger SK"]
[Site "?"]
[Date "2008.04.20"]
[Round "15.3"]
[White "Sprenger, Jan-Michael"]
[Black "Ribli, Zoltan"]
[Result "1/2-1/2"]
[WhiteElo "2536"]
[BlackElo "2577"]
[PlyCount "58"]
[EventDate "2008.??.??"]

1. c4 e6 2. Nf3 Nf6 3. d4 d5 4. g3 dxc4 5. Qa4+ Nbd7 6. Bg2 a6 7. Qxc4 b5 8.
Qd3 Bb7 9. O-O c5 10. dxc5 Bxc5 11. Nbd2 O-O 12. Nb3 Be4 13. Qd1 Bb6 14. Bf4 {
(=)} Rc8 15. Ne5 Bxg2 16. Kxg2 Nd5 17. Nd3 Rc4 18. Nd2 Rc6 19. Nf3 h6 20. a4
Nc5 21. axb5 axb5 22. Nxc5 Bxc5 23. Qb3 Qb6 24. Rac1 Qb7 25. Rc2 Rfc8 26. Rfc1
Ba7 27. Rxc6 Rxc6 28. Rxc6 Qxc6 29. Bd2 Qc5 1/2-1/2

[Event "BL 0708 TV Tegernsee - Godesberger SK"]
[Site "?"]
[Date "2008.04.20"]
[Round "15.4"]
[White "Teske, Henrik"]
[Black "Kveinys, Aloyzas"]
[Result "1/2-1/2"]
[WhiteElo "2518"]
[BlackElo "2517"]
[PlyCount "57"]
[EventDate "2008.??.??"]

1. d4 Nf6 2. c4 e6 3. Nc3 Bb4 4. e3 O-O 5. Bd3 c5 6. Nge2 d5 7. O-O cxd4 8.
exd4 dxc4 9. Bxc4 Nbd7 10. Bg5 Be7 11. Rc1 Nb6 12. Bb3 Bd7 13. Qd3 Bc6 14. Rfe1
{(=)} Nbd5 15. Nf4 Nxc3 16. bxc3 Nd5 17. Bxe7 Nxf4 18. Qg3 Qxe7 19. Qxf4 Rad8
20. Re5 Qf6 21. Qe3 h6 22. Re1 Qg6 23. g3 Rd6 24. h4 Rfd8 25. Kh2 {(=)} b6 26.
Qe2 Qf6 27. f4 Bd5 28. Qd3 Bxb3 29. axb3 1/2-1/2

[Event "BL 0708 TV Tegernsee - Godesberger SK"]
[Site "?"]
[Date "2008.04.20"]
[Round "15.5"]
[White "Likavsky, Tomas"]
[Black "Bromberger, Stefan"]
[Result "1/2-1/2"]
[WhiteElo "2496"]
[BlackElo "2491"]
[PlyCount "70"]
[EventDate "2008.??.??"]

1. d4 d5 2. c4 c6 3. Nf3 Nf6 4. e3 e6 5. Bd3 a6 6. b3 c5 7. O-O Nc6 8. Bb2 Be7
9. Nbd2 cxd4 10. exd4 O-O 11. Rc1 dxc4 12. bxc4 b5 13. c5 e5 14. dxe5 Qxd3 15.
exf6 Bxf6 16. Bxf6 gxf6 17. Re1 Bf5 18. Nh4 Rad8 19. Nxf5 Qxf5 20. Qf3 Qxf3 21.
Nxf3 Rd5 22. g3 Rc8 23. Re3 Ne5 24. Nxe5 Rxe5 25. Rxe5 fxe5 26. Kg2 Kg7 27. Kf3
Kf6 28. Ke4 Ke6 29. g4 Rd8 30. c6 Rd4+ 31. Ke3 Rc4 32. Rxc4 bxc4 33. Kd2 Kd6
34. Kc3 Kxc6 35. Kxc4 Kd6 1/2-1/2

[Event "BL 0708 TV Tegernsee - Godesberger SK"]
[Site "?"]
[Date "2008.04.20"]
[Round "15.6"]
[White "Boensch, Uwe"]
[Black "Jackelen, Thomas"]
[Result "1/2-1/2"]
[WhiteElo "2530"]
[BlackElo "2437"]
[PlyCount "75"]
[EventDate "2008.??.??"]

1. d4 d5 2. c4 c6 3. Nf3 Nf6 4. e3 Bg4 5. h3 Bxf3 6. Qxf3 e6 7. Bd3 Nbd7 8. O-O
Bd6 9. Nc3 O-O 10. Rd1 Qe7 11. Bd2 Rfe8 12. Bf1 Rad8 13. Rac1 a6 14. Be1 g6 15.
a3 Bb8 16. g3 Nb6 17. b3 Kg7 18. a4 h5 19. h4 e5 20. cxd5 Nbxd5 21. Nxd5 Nxd5
22. dxe5 Bxe5 23. Ba5 Rd7 24. Bc4 Bc7 25. Bxc7 Nxc7 26. Rxd7 Qxd7 27. Rd1 Qe7
28. a5 Ne6 29. Qe4 Qc7 30. b4 Re7 31. Bxe6 Rxe6 32. Qd4+ Qe5 33. Qb6 Rd6 34.
Rxd6 Qxd6 35. Qxb7 Qd1+ 36. Kg2 Qd5+ 37. Kh2 Qf3 38. Kg1 1/2-1/2

[Event "BL 0708 TV Tegernsee - Godesberger SK"]
[Site "?"]
[Date "2008.04.20"]
[Round "15.7"]
[White "Dranov, Alexander"]
[Black "Hertneck, Gerald"]
[Result "1/2-1/2"]
[WhiteElo "2439"]
[BlackElo "2508"]
[PlyCount "108"]
[EventDate "2008.??.??"]

1. e4 e6 2. d4 d5 3. Nd2 Nf6 4. e5 Nfd7 5. c3 c5 6. Bd3 Nc6 7. Ne2 cxd4 8. cxd4
f6 9. exf6 Nxf6 10. O-O Bd6 11. Nf3 Qc7 12. Bg5 O-O 13. Qc2 h6 14. Bh4 Qb6 15.
Bg3 Bxg3 16. hxg3 Bd7 17. Qd2 Qb4 18. Nc3 Be8 19. a3 Qb6 20. Na4 Qc7 21. Nc5
Bf7 22. Rac1 b6 23. Na6 Qd6 24. Qf4 Qxf4 25. gxf4 Rfc8 26. Rfe1 Be8 27. f5 exf5
28. Bxf5 Bd7 29. Bxd7 Nxd7 30. Re6 Nd8 31. Rxc8 Rxc8 32. Re7 Nf6 33. Rxa7 Ne6
34. Re7 Rc1+ 35. Kh2 Nf4 36. Nb4 Rb1 37. Rb7 Rxb2 38. Rxb6 Ne2 39. Nxd5 Ng4+
40. Kh3 Nxf2+ 41. Kh4 g5+ 42. Nxg5 hxg5+ 43. Kxg5 Rxb6 44. Nxb6 Nxd4 45. Kf4
Nc6 46. Ke3 Ng4+ 47. Kd3 Kf7 48. Kc4 Ke6 49. Kc5 Nge5 50. a4 Na7 51. g3 Nd3+
52. Kd4 Nb2 53. g4 Nc6+ 54. Kc5 Nxa4+ 1/2-1/2

[Event "BL 0708 TV Tegernsee - Godesberger SK"]
[Site "?"]
[Date "2008.04.20"]
[Round "15.8"]
[White "Stangl, Markus"]
[Black "Schmidt, Bodo"]
[Result "1/2-1/2"]
[WhiteElo "2453"]
[BlackElo "2370"]
[PlyCount "36"]
[EventDate "2008.??.??"]

1. Nf3 d5 2. c4 c6 3. d4 Nf6 4. Nc3 a6 5. a4 e6 6. g3 Bb4 7. Bg2 Nbd7 8. Qd3
O-O 9. O-O a5 10. b3 b6 11. Bb2 Ba6 12. Rfd1 Qe7 13. Na2 Bd6 14. Ne5 Rac8 15.
Rac1 Ba3 16. Nxd7 Nxd7 17. Qb1 f5 18. Rd2 Bd6 1/2-1/2

[Event "BL 0708 SC Eppingen - SC Remagen"]
[Site "?"]
[Date "2008.04.20"]
[Round "15.1"]
[White "Miroshnichenko, Evgenij"]
[Black "Tiviakov, Sergei"]
[Result "1/2-1/2"]
[WhiteElo "2651"]
[BlackElo "2643"]
[PlyCount "27"]
[EventDate "2008.??.??"]

1. d4 Nf6 2. c4 e6 3. Nf3 b6 4. g3 Bb7 5. Bg2 Be7 6. Nc3 O-O 7. Qc2 Na6 8. O-O
d5 9. a3 c5 10. Rd1 cxd4 11. Nxd4 Rc8 12. cxd5 Nxd5 13. Ndb5 Qe8 14. e4 1/2-1/2

[Event "BL 0708 SC Eppingen - SC Remagen"]
[Site "?"]
[Date "2008.04.20"]
[Round "15.2"]
[White "Berkes, Ferenc"]
[Black "Fedorchuk, Sergey"]
[Result "1/2-1/2"]
[WhiteElo "2606"]
[BlackElo "2645"]
[PlyCount "22"]
[EventDate "2008.??.??"]

1. d4 Nf6 2. c4 e6 3. Nf3 b6 4. g3 Ba6 5. b3 Bb7 6. Bg2 Bb4+ 7. Bd2 a5 8. O-O
O-O 9. Nc3 Ne4 10. Nxe4 Bxe4 11. a3 Be7 1/2-1/2

[Event "BL 0708 SC Eppingen - SC Remagen"]
[Site "?"]
[Date "2008.04.20"]
[Round "15.3"]
[White "Goloshchapov, Alexander"]
[Black "Balogh, Csaba"]
[Result "1-0"]
[WhiteElo "2563"]
[BlackElo "2561"]
[PlyCount "59"]
[EventDate "2008.??.??"]

1. d4 Nf6 2. c4 e6 3. Nf3 d5 4. g3 dxc4 5. Qa4+ c6 6. Qxc4 b5 7. Qb3 Bb7 8. Bg2
Nbd7 9. O-O a6 10. Ne5 Qc7 11. Bf4 Bd6 12. Nxd7 Nxd7 13. Bxd6 Qxd6 14. Rd1 O-O
{(=)} 15. Nd2 Rad8 16. Qc3 e5 17. Nb3 Qe7 18. Bxc6 exd4 19. Nxd4 Nf6 20. Nf5
Qc7 21. Bxb7 Qxb7 22. Qc6 Qa7 23. Rac1 h5 24. e3 Rfe8 25. h3 Rxd1+ 26. Rxd1 Re5
27. Rd8+ Kh7 28. Qc8 Ne4 29. Nh4 g6 30. Rd7 1-0

[Event "BL 0708 SC Eppingen - SC Remagen"]
[Site "?"]
[Date "2008.04.20"]
[Round "15.4"]
[White "Acs, Peter"]
[Black "Degraeve, Jean-Marc"]
[Result "1-0"]
[WhiteElo "2548"]
[BlackElo "2546"]
[PlyCount "77"]
[EventDate "2008.??.??"]

1. e4 e5 2. Nf3 Nc6 3. Bb5 f5 4. Nc3 fxe4 5. Nxe4 d5 6. Nxe5 dxe4 7. Nxc6 Qg5
8. Qe2 Nf6 9. f4 Qxf4 10. Ne5+ c6 11. d4 Qh4+ 12. g3 Qh3 13. Bc4 Be6 14. Bg5
O-O-O 15. O-O-O Bd6 16. Bxe6+ Qxe6 17. Bxf6 gxf6 18. Qc4 Rhe8 19. Qxe6+ Rxe6
20. Nf7 Rf8 21. Nxd6+ Rxd6 22. Rhf1 f5 23. Rf4 Rh6 24. Rd2 Rff6 25. Rdf2 Kd7
26. Kd2 Ke6 27. Ke2 Rh3 28. c4 Rfh6 29. Rxf5 Rxh2 30. Re5+ Kd6 31. c5+ Kd7 32.
Rxe4 Rxf2+ 33. Kxf2 Rh2+ 34. Ke3 Rxb2 35. Rh4 Rxa2 36. Rxh7+ Ke6 37. Rxb7 Ra3+
38. Ke4 Rxg3 39. Rc7 1-0

[Event "BL 0708 SC Eppingen - SC Remagen"]
[Site "?"]
[Date "2008.04.20"]
[Round "15.6"]
[White "Medvegy, Zoltan"]
[Black "Mainka, Romuald"]
[Result "1/2-1/2"]
[WhiteElo "2512"]
[BlackElo "2496"]
[PlyCount "69"]
[EventDate "2008.??.??"]

1. d4 d5 2. c4 c6 3. Nc3 Nf6 4. e3 e6 5. Nf3 a6 6. Qc2 c5 7. cxd5 exd5 8. Be2
Nc6 9. Ne5 Be6 10. Nxc6 bxc6 11. O-O Qc7 12. Bd2 cxd4 13. exd4 Bd6 14. h3 O-O
15. Bg5 Nd7 16. Na4 Rfe8 17. Bd3 Bh2+ 18. Kh1 Bf4 19. Bxf4 Qxf4 20. Qc3 Qh4 21.
Bc2 Nf6 22. Nc5 Ne4 23. Bxe4 dxe4 24. Nxe6 Rxe6 25. Rac1 Rae8 26. Qg3 Qxg3 27.
fxg3 Rd8 28. Rc4 g6 29. Kg1 Red6 30. Rd1 c5 31. d5 Rxd5 32. Rxd5 Rxd5 33. Rxe4
Rd2 34. Re8+ Kg7 35. Ra8 1/2-1/2

[Event "BL 0708 SC Eppingen - SC Remagen"]
[Site "?"]
[Date "2008.04.20"]
[Round "15.7"]
[White "Belkhodja, Slim"]
[Black "Vogt, Lothar"]
[Result "1-0"]
[WhiteElo "2476"]
[BlackElo "2473"]
[PlyCount "45"]
[EventDate "2008.??.??"]

1. e4 c5 2. Nf3 e6 3. d4 cxd4 4. Nxd4 Nf6 5. Nc3 d6 6. f4 Nc6 7. Be3 e5 8. Nf3
Ng4 9. Qd2 Nxe3 10. Qxe3 exf4 11. Qxf4 Be6 12. O-O-O Be7 13. Nd5 O-O 14. Kb1
Re8 15. Bc4 Bf8 16. Rhf1 Rc8 17. Ng5 Qd7 18. Qg3 Kh8 19. Nb6 axb6 20. Rxf7 Qxf7
21. Nxf7+ Bxf7 22. Bxf7 Rxe4 23. Qh3 1-0

[Event "BL 0708 SC Eppingen - SC Remagen"]
[Site "?"]
[Date "2008.04.20"]
[Round "15.8"]
[White "Welz, Thomas"]
[Black "Swinkels, Robin"]
[Result "0-1"]
[WhiteElo "2235"]
[BlackElo "2433"]
[PlyCount "88"]
[EventDate "2008.??.??"]

1. d4 Nf6 2. Nf3 g6 3. e3 Bg7 4. Be2 O-O 5. O-O b6 6. b4 c5 7. c3 Qc7 8. Bb2
Bb7 9. Nbd2 d6 10. Qb3 Nbd7 11. Rfc1 h6 12. a4 a5 13. Ba3 Rab8 14. Rab1 Rfc8
15. Qd1 Bc6 16. b5 Bb7 17. c4 e5 18. d5 Rf8 19. e4 Rbe8 20. Nh4 Qd8 21. g3 Nh7
22. Qc2 Ndf6 23. Rf1 Bc8 24. f3 Kh8 25. Kh1 Qd7 26. Rf2 Ng5 27. Bd3 Nh5 28. Bf1
Bf6 29. g4 Nf4 30. Ng2 Ngh3 31. Nb3 Nxf2+ 32. Qxf2 Nxg2 33. Qxg2 Bg5 34. Bc1
Qe7 35. Bd3 f5 36. gxf5 gxf5 37. Bxg5 Qxg5 38. Qxg5 hxg5 39. Rg1 g4 40. exf5
gxf3 41. Nd2 Bxf5 42. Bxf5 Rxf5 43. Ne4 Rf4 44. Nxd6 Rd8 0-1

[Event "BL 0708 Bindl-Aktionär - SG Turm Trier"]
[Site "?"]
[Date "2008.04.20"]
[Round "15.1"]
[White "Kotronias, Vasilios"]
[Black "Laznicka, Viktor"]
[Result "0-1"]
[WhiteElo "2614"]
[BlackElo "2610"]
[PlyCount "88"]
[EventDate "2008.??.??"]

1. e4 c5 2. Nf3 e6 3. d4 cxd4 4. Nxd4 Nc6 5. Nc3 a6 6. Be3 Nf6 7. Bd3 Qc7 8.
O-O Nxd4 9. Bxd4 Bc5 10. Bxc5 Qxc5 11. Qd2 d6 12. Kh1 O-O 13. f4 e5 14. Rae1
Kh8 15. f5 b5 16. Nd5 Nxd5 17. exd5 f6 18. Be4 Bd7 19. g4 Be8 20. Rf3 Ra7 21.
b4 Qb6 22. Rg1 Qd8 23. Rfg3 Rc7 24. g5 fxg5 25. Rxg5 Rf6 26. R1g3 Rcf7 27. Qg2
Qe7 28. Rc3 Bd7 29. Rf3 Qf8 30. Qf2 h6 31. h4 Kg8 32. Rh5 Qc8 33. c3 Rf8 34.
Kg1 Qc4 35. Qe3 Be8 36. Rg5 hxg5 37. hxg5 Bh5 38. gxf6 Bxf3 39. fxg7 Rf7 40.
Qxf3 Rxg7+ 41. Kh1 Rh7+ 42. Kg1 Qxa2 43. Qe3 Qh2+ 44. Kf1 Qh3+ 0-1

[Event "BL 0708 Bindl-Aktionär - SG Turm Trier"]
[Site "?"]
[Date "2008.04.20"]
[Round "15.2"]
[White "Baramidze, David"]
[Black "Bobras, Piotr"]
[Result "1-0"]
[WhiteElo "2569"]
[BlackElo "2564"]
[PlyCount "79"]
[EventDate "2008.??.??"]

1. e4 c5 2. Nf3 d6 3. d4 cxd4 4. Nxd4 Nf6 5. Nc3 a6 6. Be3 e5 7. Nb3 Be6 8. Qd2
Be7 9. f4 exf4 10. Bxf4 Nc6 11. O-O-O O-O 12. Bxd6 Bxb3 13. cxb3 Bxd6 14. Qxd6
Qa5 15. Qf4 Rac8 16. Kb1 Nb4 17. a3 Rxc3 18. axb4 Qc7 19. e5 Rc6 20. Qd4 Ne8
21. Bc4 Qe7 22. Rhf1 Rc7 23. Rd3 Kh8 24. Rh3 b5 25. Bd3 g6 26. Qf4 f5 27. g4
Ng7 28. Qh6 Ne6 29. gxf5 gxf5 30. Rxf5 Qxb4 31. Rxf8+ Nxf8 32. Qf6+ Rg7 33. Rg3
Ne6 34. Qxe6 Qe1+ 35. Kc2 Rc7+ 36. Bc4 Qe2+ 37. Kc3 Qe1+ 38. Kd4 Qf2+ 39. Kd5
Qd2+ 40. Bd3 1-0

[Event "BL 0708 Bindl-Aktionär - SG Turm Trier"]
[Site "?"]
[Date "2008.04.20"]
[Round "15.3"]
[White "Flumbort, Andras"]
[Black "Bindrich, Falko"]
[Result "1/2-1/2"]
[WhiteElo "2499"]
[BlackElo "2512"]
[PlyCount "51"]
[EventDate "2008.??.??"]

1. d4 d5 2. c4 c6 3. Nf3 Nf6 4. Nc3 e6 5. e3 Nbd7 6. Bd3 dxc4 7. Bxc4 b5 8. Bd3
Bd6 9. O-O O-O 10. e4 e5 11. Bg5 Re8 12. d5 cxd5 13. Nxd5 a6 14. a4 bxa4 15.
Rxa4 h6 16. Nxf6+ Nxf6 17. Bxf6 Qxf6 18. Qe2 Bg4 19. Rfa1 Reb8 20. Rxa6 Rxa6
21. Rxa6 Bxf3 22. Qxf3 Qxf3 23. gxf3 Bc5 24. Ra2 Bd4 25. Bc4 Rxb2 26. Rxb2
1/2-1/2

[Event "BL 0708 Bindl-Aktionär - SG Turm Trier"]
[Site "?"]
[Date "2008.04.20"]
[Round "15.4"]
[White "Slobodjan, Roman"]
[Black "Jaracz, Pawel"]
[Result "1/2-1/2"]
[WhiteElo "2547"]
[BlackElo "2518"]
[PlyCount "41"]
[EventDate "2008.??.??"]

1. e4 c5 2. Nf3 e6 3. d3 b6 4. g3 Bb7 5. Bg2 d6 6. O-O Nf6 7. c4 Be7 8. Nc3 O-O
9. Re1 Nbd7 10. b3 a6 11. Bb2 Rb8 12. d4 cxd4 13. Nxd4 Re8 14. Qe2 Bf8 15. Rad1
g6 16. Ba3 Qc8 17. Qd2 Nc5 18. Qf4 Nh5 19. Qd2 Nf6 20. Qf4 Nh5 21. Qd2 1/2-1/2

[Event "BL 0708 Bindl-Aktionär - SG Turm Trier"]
[Site "?"]
[Date "2008.04.20"]
[Round "15.5"]
[White "Gonda, Laszlo"]
[Black "Bunzmann, Dimitri"]
[Result "1/2-1/2"]
[WhiteElo "2502"]
[BlackElo "2518"]
[PlyCount "46"]
[EventDate "2008.??.??"]

1. d4 e6 2. c4 Nf6 3. Nf3 c5 4. d5 d6 5. Nc3 exd5 6. cxd5 g6 7. Nd2 Bg7 8. e4
O-O 9. Be2 Na6 10. O-O Nc7 11. a4 Re8 12. f3 b6 13. Nc4 Nh5 14. g4 Nf6 15. Bf4
Bf8 16. Qd2 Ba6 17. b3 Bxc4 18. bxc4 Nd7 19. Ra3 Na6 20. Bg3 Nb4 21. f4 Bg7 22.
Bf3 a6 23. Kh1 Ra7 1/2-1/2

[Event "BL 0708 Bindl-Aktionär - SG Turm Trier"]
[Site "?"]
[Date "2008.04.20"]
[Round "15.6"]
[White "Stohl, Igor Dr"]
[Black "Galyas, Miklos"]
[Result "1/2-1/2"]
[WhiteElo "2545"]
[BlackElo "2433"]
[PlyCount "41"]
[EventDate "2008.??.??"]

1. c4 g6 2. d4 Bg7 3. Nf3 d6 4. Nc3 Nf6 5. g3 O-O 6. Bg2 Nbd7 7. O-O e5 8. e4
a6 9. Qc2 exd4 10. Nxd4 Re8 11. Rd1 Rb8 12. h3 Qe7 13. Bg5 h6 14. Nd5 Qd8 15.
Bf4 Nc5 16. Nxf6+ Qxf6 17. b4 Ne6 18. Nxe6 Bxe6 19. Rac1 Qe7 20. a3 Rbd8 21.
Rd2 1/2-1/2